000 00955nam a2200241 a 4500
001 74223
003 BD-RjUL
005 20211209082521.0
008 180408s2011 ii ||||| b||| 00| 0 ben d
020 _a9788189846244
_cRs.150.00
035 _a(BD-RjUL)74441
040 _aBD-RjUL
_beng
_cBD-RjUL
041 _aben
082 _223
_a301.0954
_bMUS 2011
100 1 _aমুখোপাধ্যায়, চন্ডীদাস
_9220991
245 1 0 _aসমাজত্ত্ব ও ভারতীয় সমাজ /
_c চন্ডীদাস মুখোপাধ্যায়,
260 _aকলকাতা :
_bপ্রগতিশীল প্রকাশক ,
_c২০১১
300 _a৩১০ পৃ.
_c২২ সেমি.
504 _aগ্রন্থপঞ্জি সংযোজিত
650 _aসমাজ বিজ্ঞান
_zভারত
_9220992
650 _aSociology
_z India.
_9220993
942 _2ddc
_cBK
999 _c74223
_d74223